LDR 00736naa#a2200193#i#450# 001 EN\\bibl\118786 005 20260513233503.3 011 ## _a1994-4683 100 ## _a20230428b2023####ek#y0engy0150####ca 102 ## _aRU 200 1# _aSEARCH FOR EFFECTIVE PSYCHOLOGICAL AND PEDAGOGICAL STRATEGIES FOR INTERPERSONAL INTERACTION BETWEEN COACHES AND STUDENT-ATHLETES _eJournal article 210 1# _aMoscow _cNational State University of Physical Education, Sports and Health named after P.F. Lesgaft _d2023 215 ## _a4 с. 608 ## _aJournal article _2local 675 ## _aОбработка и анализ результатов. 159.9.075 _z 700 #1 _aDmukh _gO V 700 #1 _aZemba _gE A 700 #1 _aOsipov _gA YU 856 4# _auchzapiski.lesgaft.spb.ru _u